E-Voting System/ (Record no. 1940)

MARC details
000 -LEADER
fixed length control field 00442nam a22001577a 4500
003 - CONTROL NUMBER IDENTIFIER
control field OSt
005 - DATE AND TIME OF LATEST TRANSACTION
control field 20250625123527.0
008 - FIXED-LENGTH DATA ELEMENTS--GENERAL INFORMATION
fixed length control field 250625b |||||||| |||| 00| 0 eng d
040 ## - CATALOGING SOURCE
Transcribing agency KMU
050 ## - LIBRARY OF CONGRESS CALL NUMBER
Classification number ICT DEPARTMENT-STUDENT PROJECT REPORT
100 ## - MAIN ENTRY--PERSONAL NAME
Personal name Mate, David
245 ## - TITLE STATEMENT
Title E-Voting System/
Statement of responsibility, etc. Davies Mate.
260 ## - PUBLICATION, DISTRIBUTION, ETC.
Place of publication, distribution, etc. Kapasa Makasa University:
Name of publisher, distributor, etc. Kapasa Makasa University,
Date of publication, distribution, etc. 2023.
300 ## - PHYSICAL DESCRIPTION
Extent viii, 42 pages:
Dimensions 30 cm
942 ## - ADDED ENTRY ELEMENTS (KOHA)
Source of classification or shelving scheme Library of Congress Classification
Koha item type Student Project Report
Suppress in OPAC No
Holdings
Withdrawn status Lost status Damaged status Use restrictions Not for loan Collection Home library Current library Shelving location Date acquired Total Checkouts Full call number Date last seen Price effective from Koha item type
      Restricted Access Not For Loan Reference Kapasa Makasa University Kapasa Makasa University Special Collection 25.06.2025   17122394 25.06.2025 25.06.2025 Student Project Report